000 00661nam a2200157 i 4500
001 23227
003 ES-MaACL
005 20251014063052.0
007 t|
008 021209s1904 sp ||||1| spa d
100 1 _aAlzola y Minondo, Pablo de,
_d1841-1912
_921064
245 1 0 _aInforme relativo al estado de la industria siderúrgica en España y de las reformas generales requerida para que alcancen la debida estensión [sic] a las fábricas de productos derivados y de maquinaria /
_cPablo de Alzola y Minondo.
260 _aBilbao :
_b[s.n.,
_c1904] (
_fImp. de la Casa de Misericordia)
852 _aES-MaACL
_jT-1138-F-11
999 _c23227
_d23227